Indian Cricketers in T20i World Cup - Statistics

General Stats
  • This quiz has been taken 106 times
    105 since last reset
  • The average score is 37 of 63
Answer Stats
Answer % Correct
Rohit Sharma
100%
Virat Kohli
98%
Axar Patel
93%
Arshdeep Singh
91%
Hardik Pandya
91%
MS Dhoni
91%
Harbhajan Singh
89%
Jasprit Bumrah
89%
Ravindra Jadeja
89%
Kuldeep Yadav
88%
Rahul Dravid
88%
Suryakumar Yadav
88%
Yuvraj Singh
88%
Yuvraj Singh
88%
Joginder Sharma
82%
KL Rahul
82%
Ishant Sharma
80%
Mohammed Shami
80%
Mohammed Siraj
80%
Rishabh Pant
80%
Mohit Sharma
79%
Ravichandran Ashwin
79%
RP Singh
77%
Harshal Patel
73%
Ravi Shastri
70%
Bhuvneshwar Kumar
68%
Gautam Gambhir
68%
Shivam Dube
64%
Yuzvendra Chahal
64%
Praveen Kumar
63%
Suresh Raina
61%
Vinay Kumar
61%
Virender Sehwag
61%
Zaheer Khan
61%
Irfan Pathan
59%
Shikhar Dhawan
59%
Yusuf Pathan
57%
Sanju Samson
55%
Dinesh Karthik
54%
Yashasvi Jaiswal
54%
Ishan Kishan
52%
Shanthakumaran Sreesanth
50%
Ashish Nehra
48%
Ajinkya Rahane
46%
Gary Kirsten
45%
Robin Uthappa
45%
Shardul Thakur
39%
Piyush Chawla
38%
Rahul Chahar
34%
Varun Chakravarthy
34%
Deepak Hooda
32%
Pragyan Ojha
32%
Amit Mishra
30%
Manish Pandey
29%
Duncan Fletcher
25%
Lakshmipathy Balaji
21%
Pawan Negi
21%
Murali Vijay
20%
Ajit Agarkar
16%
Manoj Tiwary
16%
Stuart Binny
13%
Ashok Dinda
9%
Varun Aaron
9%
No matching quizzes found
Score Distribution
Percent of People with Each Score
Percentile by Number Answered
Your Score History
You have not taken this quiz since the last reset